Alle Parteien der Slowakei - Statistiken

Allgemein
  • Dieses Quiz wurde 4 mal gespielt
  • Das Durchschnittsergebnis liegt bei 6 aus 19
Antwortstatistiken
Partei % Korrekt
Hnutie Slovensko
100%
Demokrati
67%
Sloboda a Solidarita
67%
Slovenská národná strana
67%
HLAS – sociálna demokracia
33%
Hnutie Republika
33%
Kotlebovci – Ľudová strana Naše Slovensko
33%
Kresťanská únia
33%
Kresťanskodemokratické hnutie
33%
Progresívne Slovensko
33%
Sme Rodina
33%
SMER – sociálna demokracia
33%
Jablko
0%
Nová väčšina
0%
Občianska konzervatívna strana
0%
OĽaNO a priatelia
0%
SZÖVETSÉG – Magyarok. Nemzetiségek. Regiók. ALIANCIA – Maďari. Národnosti. Regióny
0%
Za ľudí
0%
Zmena zdola, Demokratická únia Slovenska
0%
Keine übereinstimmenden Quizze gefunden
Verteilung der Resultate
Anzahl Personen mit jedem Resultat
Perzentil nach korrekt beantworteten Fragen
Ihre Resultats-Entwicklung
Sie haben dieses Quiz noch nicht gespielt